<?xml version="1.0" encoding="UTF-8"?>
<record
    xmlns:xsi="http://www.w3.org/2001/XMLSchema-instance"
    xsi:schemaLocation="http://www.loc.gov/MARC21/slim http://www.loc.gov/standards/marcxml/schema/MARC21slim.xsd"
    xmlns="http://www.loc.gov/MARC21/slim">

  <leader>00566nam a22001577a 4500</leader>
  <datafield tag="999" ind1=" " ind2=" ">
    <subfield code="c">107681</subfield>
    <subfield code="d">107681</subfield>
  </datafield>
  <controlfield tag="005">20180924112158.0</controlfield>
  <controlfield tag="008">180924b           ||||| |||| 00| 0 eng d</controlfield>
  <datafield tag="040" ind1=" " ind2=" ">
    <subfield code="c">PK-LaUMT</subfield>
  </datafield>
  <datafield tag="082" ind1=" " ind2=" ">
    <subfield code="a">291</subfield>
    <subfield code="b">ABD-A</subfield>
  </datafield>
  <datafield tag="100" ind1=" " ind2=" ">
    <subfield code="a">Abdul Aziz Sunghaira = &#x639;&#x628;&#x62F;&#x627;&#x644;&#x639;&#x632;&#x6CC;&#x632; &#x633;&#x646;&#x6AF;&#x6BE;&#x6CC;&#x691;&#x627;</subfield>
  </datafield>
  <datafield tag="245" ind1=" " ind2=" ">
    <subfield code="a">Aik Khuda- aik pegham =  &#x627;&#x6CC;&#x6A9; &#x62E;&#x62F;&#x627;&#x6D4; &#x627;&#x6A9;&#x6CC; &#x67E;&#x6CC;&#x63A;&#x627;&#x645; (&#x645;&#x632;&#x6C1;&#x628; &#x639;&#x627;&#x644;&#x645; &#x645;&#x6CC;&#x6BA; &#x62D;&#x6CC;&#x631;&#x62A; &#x627;&#x646;&#x6AF;&#x6CC;&#x632; &#x645;&#x645;&#x627;&#x62B;&#x644;&#x62A;) /</subfield>
    <subfield code="c">Abdul Aziz Sunghaira = &#x639;&#x628;&#x62F;&#x627;&#x644;&#x639;&#x632;&#x6CC;&#x632; &#x633;&#x646;&#x6AF;&#x6BE;&#x6CC;&#x691;&#x627;</subfield>
  </datafield>
  <datafield tag="260" ind1=" " ind2=" ">
    <subfield code="a">Lahore :</subfield>
    <subfield code="b">Nigarshat,</subfield>
    <subfield code="c">2016</subfield>
  </datafield>
  <datafield tag="300" ind1=" " ind2=" ">
    <subfield code="a">1176 p.</subfield>
  </datafield>
  <datafield tag="546" ind1=" " ind2=" ">
    <subfield code="a">Urdu</subfield>
  </datafield>
  <datafield tag="942" ind1=" " ind2=" ">
    <subfield code="c">BK</subfield>
  </datafield>
  <datafield tag="952" ind1=" " ind2=" ">
    <subfield code="0">0</subfield>
    <subfield code="1">0</subfield>
    <subfield code="4">0</subfield>
    <subfield code="7">0</subfield>
    <subfield code="a">01</subfield>
    <subfield code="b">01</subfield>
    <subfield code="d">2018-09-24</subfield>
    <subfield code="l">15</subfield>
    <subfield code="o">291 ABD-A</subfield>
    <subfield code="p">124647</subfield>
    <subfield code="r">2026-01-11 13:14:27</subfield>
    <subfield code="s">2025-12-29</subfield>
    <subfield code="w">2018-09-24</subfield>
    <subfield code="y">BK</subfield>
  </datafield>
</record>
